The textile conservator's manual /

محفوظ في:

المؤلف الرئيسي: Landi, Sheila (مؤلف)

التنسيق: كتاب

اللغة: English

منشور في: Oxford ; [Woburn, Massachusetts : Butterworth-Heinemann], 1998.

الطبعة: Rev. 2nd ed.

سلاسل: Butterworth-Heinemann series in conservation and museology.

الموضوعات:

الوسوم: إضافة وسم

لا توجد وسوم, كن أول من يضع وسما على هذه التسجيلة!

رقم الطلب: NK8804.5 .L36 1998

LEADER 00853nam a22002537a 4500
003 OSt
005 20250908064944.0
008 250303s1998 enka g b 001 0 eng d
010 |a 98160005 
020 |a 0750638974 
040 |c ARCE Library 
050 1 4 |a NK8804.5   |b .L36 1998 
100 1 |a Landi, Sheila,  |e author  |9 34412 
245 1 4 |a The textile conservator's manual /   |c Sheila Landi. 
250 |a Rev. 2nd ed. 
264 1 |a Oxford ;   |a [Woburn, Massachusetts :   |b Butterworth-Heinemann],   |c 1998. 
300 |a xvii, 340 pages :   |b illustrations ;   |c 25 cm. 
490 0 |a Butterworth-Heinemann series in conservation and museology. 
504 |a Includes bibliographical references (pages 330-333) and index. 
555 |a wafaa.lib 
650 0 |a Textile fabrics  |x Conservation and restoration. 
901 |a reviewed 
942 |c BK  |2 lcc 
999 |c 21467  |d 21467